Les programmes d'assistance technique des Nations Unies

Đã lưu trong:
書目詳細資料
企業作者: Nations Unies
格式: 圖書
語言:Undetermined
出版: U.S.A. Nations Unies
主題:
標簽: 添加標簽
沒有標簽, 成為第一個標記此記錄!
Thư viện lưu trữ: Trung tâm Học liệu Trường Đại học Cần Thơ
LEADER 00501nam a2200181Ia 4500
001 CTU_98700
008 210402s9999 xx 000 0 und d
082 |a 338.9 
082 |b N277 
110 |a Nations Unies 
245 0 |a Les programmes d'assistance technique des Nations Unies 
245 0 |c Nations Unies 
260 |a U.S.A. 
260 |b Nations Unies 
650 |a Technical assistance 
650 |z United States 
904 |i Giang 
980 |a Trung tâm Học liệu Trường Đại học Cần Thơ